000 00680nam a2200241Ia 4500
003 OSt
005 20220926024722.0
006 a|||||r|||| 00| 0
007 ta
008 220923b |||||||| |||| 00| 0 eng d
037 _cGeneral Book
040 _aRTL
_cRTL
_beng
041 _2eng
_aeng
082 _aB25,1, K4
100 _aFox L
_9287243
245 0 _aIntroduction to numerical linear algebra
260 _aOxford
_bClarendon press
_c1964
300 _axi,295p.
_ccm.
490 _aMonographs on Numerical Analysis ed by ET Goodwin and L Fox,
650 _aMatrix
_9234093
942 _hB25,1, K4
_cGB
_2CC
999 _c645339
_d645339